000 00247nam a22001217a 4500
008 171227b xxu||||| |||| 00| 0 eng d
041 _aeng
080 _a591
100 _a7
101 _aZOO
245 _aSALT WATER
_cGRANT.F
942 _2udc
_cBK
999 _c39497
_d39497